000 00976nam a22002297a 4500
999 _c165981
_d165981
005 20190709111244.0
010 _aB-728402
020 _c1499.00
_a9789339205102
035 _aB-728402
037 _bRK Books
082 _a332.6322
100 _aPring,Martin J.
245 _aTechnical analysis explained: the successful investor's guide to spotting investment trends and turning points /
_cby Martin J. Pring
250 _a5th ed.
260 _aNew Delhi
_bMcGraw Hill Education
_c2018 (repr.)
270 _a444/1, Sri Ekambara Naicker Industrial Estate, Alapakkam, Porur
_bChennai
_e600116
300 _axxiv,797p.:
_c23cm(pbk)
_bill.
500 _aIncludes appendix, glossary, bibliographical references and index
650 _aInvestment analysis
942 _2ddc
_cEN
_mPRI
_h332.6322